Torsten Leue: Dôchodkovým reformám dôverujem

Rozhovor s predsedom predstavenstva a prezidentom spoločnosti Allianz - Slovenská poisťovňa Torstenom Leueom. Jeho názory na dôchodkovú reformu na Slovensku. Vývoj na poistnom trhu. Postavenie Allianz - SP na poistnom trhu.

Salvato in:
Dettagli Bibliografici
Autore principale: Podstupka, Ivan
Altri autori: Leue, Torsten
Natura: Capitolo di libro
Lingua:slovacco
Soggetti:
Tags: Aggiungi Tag
Nessun Tag, puoi essere il primo ad aggiungerne!!

MARC

LEADER 00000naa$a2200000$$$4500
001 0024725
005 20231004125430.3
041 0 |a slo 
044 |a SK 
245 1 0 |a Torsten Leue: Dôchodkovým reformám dôverujem  |c Ivan Podstupka, Torsten Leue 
520 |a Rozhovor s predsedom predstavenstva a prezidentom spoločnosti Allianz - Slovenská poisťovňa Torstenom Leueom. Jeho názory na dôchodkovú reformu na Slovensku. Vývoj na poistnom trhu. Postavenie Allianz - SP na poistnom trhu. 
610 2 0 |a Slovensko 
610 2 0 |a poisťovníctvo 
610 2 0 |a spoločnosti správcovské dôchodkové 
610 2 0 |a manažment personálny 
610 2 0 |a trh poistný 
610 2 0 |a vývoj 
610 2 0 |a produkty 
610 2 0 |a výhody konkurenčné 
610 2 0 |a trh kapitálový 
100 1 |a Podstupka, Ivan 
700 1 |a Leue, Torsten